000 00758nam a22002297a 4500
999 _c15429
_d15429
003 AR-CdUCM
008 190427b ||||| |||| 00| 0 spa d
040 _aMUNICIPALIDAD PROVINCIAL DEL CUSCO
_cBIBLIOTECA MUNICIPAL DEL CUSCO
082 _a868.6 /
_bV66 / 1918
100 _aVillaespesa, Francisco
_934498
245 _aLa leona de Castilla :
_bdrama en tres actos, en verso /
260 _aMadrid :
_bMundo Latino,
_c1918.
300 _a159 páginas ;
_c19 cm.
440 _aObras completas.
_n11
_934499
500 _aEn el desierto leyenda Árabe en un acto y en verso.
505 _aContenido: Drama.
650 _aLiteratura
_9416
650 _aTeatro español
_9648
650 _aSiglo XX
_98
942 _2ddc
_cLIBROS
945 _aachl
_d2019-04-27